000 00210nam a2200097Ia 4500
008 240331s9999 xx 000 0 und d
082 _bCAR
100 _aCarey, G
245 0 _aOf mice and men :
_bnotes
942 _cL
999 _c5504
_d5504